|
|
|
|
| LEADER |
01395nam a2200313 a 4500 |
| 001 |
14505130 |
| 008 |
120807r20092006bg a b 101 0 eng d |
| 010 |
|
|
|a 2006414387
|
| 020 |
|
|
|a 9847022000448
|
| 020 |
|
|
|a 9840517554
|
| 040 |
|
|
|a DLC
|c DLC
|d BD-DhAAL
|
| 082 |
0 |
4 |
|a 338.9
|2 22
|
| 245 |
0 |
0 |
|a Growth and poverty :
|b the development experience of Bangladesh /
|c editors Sadiq Ahmed, Wahiduddin Mahmud.
|
| 260 |
|
|
|a Dhaka :
|b The University Press,
|c 2006.[reprinted 2009]
|
| 300 |
|
|
|a xxii, 315 p. :
|b ill. ;
|c 22 cm.
|
| 520 |
|
|
|a Contributed articles presented at a seminar held in Dhaka during June 26-27, 2003 organized at Bureau of Economic Research, University of Dhaka and with support of World Bank.
|
| 504 |
|
|
|a Includes bibliographical references and index.
|
| 541 |
1 |
|
|e 00025755
|
| 650 |
|
0 |
|a Economic development
|z bangladesh.
|
| 650 |
|
0 |
|a Poverty
|z Bangladesh
|v Congresses.
|
| 651 |
|
0 |
|a Bangladesh
|x Economic policy.
|
| 651 |
|
0 |
|a Bangladesh
|x Social policy.
|
| 700 |
1 |
|
|a Ahmed, Sadiq.
|
| 700 |
1 |
|
|a Mahmud, Wahiduddin.
|
| 710 |
2 |
|
|a World Bank.
|
| 710 |
2 |
|
|a University of Dhaka.
|b Bureau of Economic Research.
|
| 852 |
1 |
|
|a Ayesha Abed library
|c General Shelf
|
| 999 |
|
|
|c 12748
|d 12748
|
| 952 |
|
|
|0 0
|1 0
|2 ddc
|4 0
|6 338_900000000000000_GRO
|7 0
|9 20994
|a IGS
|b IGS
|c GEN
|d 2012-08-07
|e The University Press Limited
|g 650.00
|l 1
|m 2
|o 338.9 GRO
|p 3010025755
|r 2014-06-09
|s 2013-02-14
|t 1
|w 2012-08-07
|y BK
|